01655nam a2200277 a 4500001001000000005001700010008004100027041000800068044000700076084002100083100004500104245008500149260003500234300003000269500027000299500006100569500040500630500005301035500001001088650005201098650005601150650003401206650004501240700004201285740005001327BRCA_248520190320203831.0211108s1842----mx-a---###---#000-0dspa-u aspa amx a125b.M379c18421 aCervantes Saavedra, Miguel ded1547-161610aEl Ingenioso Hidalgo Don Quijote de la Manchacpor Miguel de Cervantes Saavedra. aMéxicobMasse y Decaenc1842 a2 v.bil.c24 cm.e1 mapa aContenido : v 1. Primera parte. Retrato de Cervantes. Noticia sobre la vida y escritos de Cervantes por Viardot. Prólogo del autor. Versos preliminares. Texto. -- v 2. Segunda parte. Dedicatoria del autor. Prólogo del autor. Mapa de una parte de España. Texto aEdición : Obra adornada de 125 estampas litográficas aTuvo por modelo la edición barcelonesa, impresa por Bergnes, en 1839-40. Las láminas y el retrato de Cervantes son dibujos de Heredia, litografiadas por Masse y Decaen. Edición recomendable por lo esmerado de la parte tipográfica y la notable biografía de Cervantes escrita por L. Viardot, traducida al español. Piel; lomeras decoradas con adornos dorados. Planos orlados Lúdovik Osterc aEstado físico : El volumen 1 carece de portada aQM10614aNovela españolayÉpoca clásica, 1500-170014aLiteratura españolayÉpoca clásica, 1500-170014aNovela españolaySiglo XVII14aDon Quijote (Personaje ficticio)eNovela1 aViardot, Louisd1800-1883eBiógrafo0 aEl Ingenioso Hidalgo Don Quijote de la Mancha